000 01015nas a2200337 4500
001 BR0200297
003 BR-BrBNA
005 20231205102707.0
007 ta
008 230509b bl.|||p| |||| 00| 00por d
040 _aBR-BrBNA
_bpor
_cBiblioteca Nacional de Agricultura
041 _a(Pt)
072 _aL53
100 1 _aStahlberg, R.
100 1 _aBortolozzo, F.P.
100 1 _aWentz, I.
100 1 _aNagae, R.
100 1 _aSantin, E.
100 1 _aLagares, M.A.
245 1 _aInfluência da infusão transcervical de plasma seminal ou de estrógeno na concepção, no ciclo estral e na ovulação de porcas
650 _aPORCA
650 _aSÊMEN
650 _aESTRÓGENO
650 _aCICLO ESTRAL
650 _aDESMAMA
650 _aOVULAÇÃO
650 _aULTRA-SOM
773 0 _tArquivo Brasileiro de Medicina Veterinária e Zootecnia (Brazil)
_xISSN 0102-0935
_g(Apr 2001), v. 53(2) p. 212-217
_wBR0200297
909 _a202311
_bLúcia
_c55
_dLúcia Elande
942 _2AGRIS
_n0
_cANA
999 _c168855
_d168855